El Monólogo Norte Sur y la Explotación de los paises subdesarrolados /

Guardat en:
Dades bibliogràfiques
Autor principal: Calcagno, Alfredo Eric (autor)
Format: Llibre
Idioma:espanyol
Publicat: México : Siglo XXI, 1981
Matèries:
Etiquetes: Afegir etiqueta
Sense etiquetes, Sigues el primer a etiquetar aquest registre!

MARC

LEADER 00000nam^a2200000^a^4500
001 000012921
005 20250521000000.0
009 20260310083843.92
037 |a Acervo ITESO - Biblioteca 
041 |a ESP 
082 |a 339. 5  |b CAL 
100 |a Calcagno, Alfredo Eric  |e (autor) 
245 1 3 |a El Monólogo Norte Sur y la Explotación de los paises subdesarrolados /  |c Alfredo ---Eric Calcagno. 
264 1 |a México :  |b Siglo XXI,  |c 1981 
300 |a 208 p. 
336 |a texto  |b txt  |2 rdacontenido 
337 |a sin mediación  |b n  |2 rdamedio 
338 |a volumen  |b nc  |2 rdasoporte 
649 |a XX 
650 |a Desarrollo Económico-Social 
910 |a Fondo General 
920 |a Impresos - Libros 
930 |a Colección General 
905 |a 101 
901 |a 0129210100  |b IT1  |c ACC  |i 012921  |u 20250521 
902 |a https://opac.biblio.iteso.mx/vufind/Record/000012921